000 02357nam0a2200409 4500
001 RU\NLR\BIBL_A\022586858
005 20260205162955.0
010 _a978-5-00119-228-2
_91000
021 _aRU
_bКН-П-25-030673
_9КН-П-25-3032
035 _a(NLR Aleph) 022586858
090 _a13547053
_c13547053
100 _a20250717d2025 u y0rusy50 ca
101 0 _arus
102 _aRU
105 _aac z 010zb
181 0 _ai
_baxxe
182 0 _an
200 1 _aИмператор ГРУ
_eрассекреченное досье
_eматериалы из архивов КГБ [о деятельности П. И. Ивашутина]
_fА. С. Терещенко, А. А. Вдовин
203 _aТекст
_bвизуальный
_cнепосредственный
210 _aМосква
_cБелый город
_d2025
215 _a494, [1] с.
_cил., портр.
_d21
300 _aНа задней сторонке пер. авт.: Вдовин А. А., полк. органов безопасности в отставке, преподаватель, Терещенко А. С., полк. в отставке
300 _aНа задней сторонке пер.: Победа! 80
320 _aБиблиогр. в подстроч. примеч.
320 _aДругие кн. 2-го авт. на задней сторонке пер.
600 1 _aИвашутин
_bП.И.
_f1909 - 2002
_gПетр Иванович
_92613665
_3RU\NLR\AUTH\661550223
686 1 _aЦ68,6(2)-243дИвашутин
700 1 _4070
_7ca
_8rus
_aТерещенко
_bА. С.
_f1940-
_gАнатолий Степанович
_9151500
_3RU\NLR\AUTH\770151538
701 1 _aВдовин
_bА. А.
_cполковник госбезопасности
_f1941-
_gАлександр Александрович
_9183162
_3RU\NLR\AUTH\770183213
702 1 _4280
_7ca
_8rus
_aИвашутин
_bП. И.
_f1909-2002
_gПетр Иванович
_979958
_3RU\NLR\AUTH\7797032
712 0 2 _4570
_aСССР
_bГлавное разведывательное управление
_9315211
_3RU\NLR\AUTH\8820762
712 0 2 _4570
_aСССР
_bКомитет государственной безопасности
_9380631
_3RU\NLR\AUTH\889942804
942 _cBOOK
980 _aNB